Σημαντικά πρόσωπα της ελληνικής Ιστορίας #3 - Statistics

General Stats
  • This quiz has been taken 167 times
  • The average score is 8 of 16
Answer Stats
Picture Hint Answer % Correct
Συνθέτης, 1925 - 2021 Μίκης Θεοδωράκης
94%
Ζωγράφος, 1541 - 1614 Δομήνικος Θεοτοκόπουλος (El Greco)
76%
Αξιωματικός, 1792 - 1828 Αλέξανδρος Υψηλάντης
65%
Ποιήτρια, 630 - 570 π.Χ Σαπφώ
64%
Τραγωδός, 525 - 456 π.Χ Αισχύλος
63%
Οπλαρχηγός, 1791 - 1821 Αθανάσιος "Διάκος" Μασσαβέτας
62%
Τραγουδίστρια, 1934- Νάνα Μούσχουρη
56%
Ποιητής, 1859 - 1943 Κωστής Παλαμάς
50%
Μαθηματικός, 570 - 495 π.Χ Πυθαγόρας
49%
Οπλαρχηγός, 1788 - 1825 Οδυσσέας Ανδρούτσος
48%
Πολιτικός, 1871 - 1941 Ιωάννης Μεταξάς
46%
Αυτοκράτορας, 272 - 337 Μέγας Κωνσταντίνος
32%
Αυτοκράτειρα, 752 - 803 Ειρήνη η Αθηναία
25%
Φυσικός, 1948- Δημήτρης Νανόπουλος
16%
Ποιητής, 1824 - 1879 Αριστοτέλης Βαλαωρίτης
16%
Αυτοκράτορας, 1057 - 1118 Αλέξιος Α' Κομνηνός
7%
No matching quizzes found
Score Distribution
Percent of People with Each Score
Percentile by Number Answered
Your Score History
You have not taken this quiz